| 000 | 01365nam a2200337 c 4500 | ||
|---|---|---|---|
| 003 | BLK | ||
| 005 | 20180420232346.0 | ||
| 008 | 180409b bul|||||r ||||||| ||bul|| | ||
| 010 | _aKNG00136729000 | ||
| 040 | _aBLK | ||
| 041 |
_aBUL _cBUL |
||
| 080 |
_aЕзик на науката. Терминология. Номенклатура. Вж и (083.72); 001.11; 003.62 _b001.4 _x _z001.4 |
||
| 100 | 1 |
_aТрифонов, Илия _eпърви автор _9322490 |
|
| 139 |
_aТрифонов, Илия _bТ 84 |
||
| 245 | 1 | 0 |
_aНаука и терминология _bИзследване _cИлия Трифонов. |
| 257 | _aBGR | ||
| 260 |
_аСофия _bНаука и изкуство _c1985 _fВарна : Ст. Добрев-Странджата |
||
| 300 |
_a187 с. _bсъс сх. _c20 см |
||
| 380 | _a0 | ||
| 490 | 1 | _aПоредица Наукознание и научна политика | |
| 500 | _a862 тир. - Библиогр. с. 179-184. - Предм. показалец. | ||
| 650 | 4 |
_aНаука _9163554 |
|
| 650 | 4 |
_aТерминология _9173533 |
|
| 653 | _aнаука | ||
| 653 | _aтерминология | ||
| 852 | _aЦб 133404 | ||
| 856 | 4 |
_qpdf _u |
|
| 856 | 4 |
_qpdf _u |
|
| 942 |
_cKNG _n0 |
||
| 944 |
_aCR _c03.12.2012 _l03.12.2012 - от С1,Р / 03.12.2012 _kКамелия_Данева |
||
| 944 |
_aED _c03.12.2012 _l03.12.2012 - от С1,Р / 03.12.2012 _k |
||
| 999 |
_c130931 _d130931 |
||